| 000 | 00000cam 2200000zi 4500 |
| 001 | 9.960776 |
| 003 | CaOODSP |
| 005 | 20260603133007 |
| 006 | m o d f |
| 007 | cr cn||||||||| |
| 008 | 260310s2025 onc obs f000 0 fre d |
| 020 | |a9780660988825 |
| 040 | |aCaOODSP|bfre|erda|cCaOODSP |
| 043 | |an-cn--- |
| 086 | 1 |aPS84-258/2026F-PDF |
| 086 | 1 |aPS82-4/25-28F-PDF |
| 100 | 1 |aSmith, Jonathan, |eauteur. |
| 245 | 10|aIncidence d'un service de prévention des surdoses sur la réduction des méfaits / |cpréparé par : Jonathan Smith; Daniella Filloso; Shannon Thompson. |
| 264 | 1|a[Ottawa] : |bService correctionnel du Canada = Correctional Service Canada, |c2025. |
| 300 | |a1 ressource en ligne (1 page non numérotée). |
| 336 | |atexte|btxt|2rdacontent/fre |
| 337 | |ainformatique|bc|2rdamedia/fre |
| 338 | |aressource en ligne|bcr|2rdacarrier/fre |
| 490 | 1 |aRecherche en bref ; |vRIB-25-28 |
| 500 | |aTitre de départ. |
| 500 | |aPublié aussi en anglais sous le titre : Impacts of an Overdose Prevention Service on reducing harm. |
| 504 | |aComprend des références bibliographiques. |
| 520 | |a« Au SCC, la mise en place d'un service de prévention des surdoses dans cinq unités opérationnelles de 2019 à 2025 s'est accompagnée d'une réduction du nombre et du taux de surdoses ainsi que de leur incidence négative sur la santé » -- Page [1]. |
| 650 | 6|aPrisonniers|xUsage de substances psychoactives|zCanada|xPreĢvention. |
| 650 | 6|aPrisonniers|xUsage des drogues|zCanada|vStatistiques. |
| 650 | 6|aMédicaments|xSurdosage|zCanada|xPrévention. |
| 710 | 2 |aService correctionnel Canada, |eorganisme de publication. |
| 775 | 08|tImpacts of an Overdose Prevention Service on reducing harm / |w(CaOODSP)9.960775 |
| 830 | #0|aRecherche en bref (Service correctionnel Canada)|vRIB-25-28.|w(CaOODSP)9.805235 |
| 856 | 40|qPDF|s689 Ko|uhttps://publications.gc.ca/collections/collection_2026/scc-csc/PS84-258-2026-fra.pdf |
| 856 | 4 |qHTML|sS.O.|uhttps://www.canada.ca/fr/service-correctionnel/organisation/bibliotheque/recherche/bref/25-28.html |